Methods of sampling and test for rubber hoses. (Revised) (Record no. 73776)

MARC details
000 -LEADER
fixed length control field 00363nam a2200133Ia 4500
245 #0 - TITLE STATEMENT
Title Methods of sampling and test for rubber hoses. (Revised)
260 ## - PUBLICATION, DISTRIBUTION, ETC. (IMPRINT)
Place of publication New Delhi
260 ## - PUBLICATION, DISTRIBUTION, ETC. (IMPRINT)
Year of publication 1963
Name of publisher ISI
490 ## - SERIES STATEMENT
Series statement Hoses Subcommitte, CDC 6:3
500 ## - GENERAL NOTE
General note Standard number: IS 443
650 ## - SUBJECT ADDED ENTRY--TOPICAL TERM
Topical Term Rubber hose
942 ## - ADDED ENTRY ELEMENTS (KOHA)
Koha item type Standards
Holdings
Withdrawn status Lost status Damaged status Not for loan Home library Current library Date acquired Koha item type
      Standards RRII Library RRII Library 31/12/2021 Standards